Matrices / (Record no. 113958)
[ view plain ]
| 000 -LEADER | |
|---|---|
| fixed length control field | 00706cam a2200217 4500 |
| 008 - FIXED-LENGTH DATA ELEMENTS--GENERAL INFORMATION | |
| fixed length control field | t19921992mx gr spa |
| 020 ## - INTERNATIONAL STANDARD BOOK NUMBER | |
| International Standard Book Number | 9684229186 |
| 100 1# - MAIN ENTRY--PERSONAL NAME | |
| Personal name | Ayres, Frank. |
| 245 10 - TITLE STATEMENT | |
| Title | Matrices / |
| Statement of responsibility, etc | Frank Ayres ; tr. Luis Gutiérrez Diez, Angel Gutiérrez Vázquez. |
| 260 ## - PUBLICATION, DISTRIBUTION, ETC. (IMPRINT) | |
| Place of publication, distribution, etc | México : |
| Name of publisher, distributor, etc | McGraw-Hill, |
| Date of publication, distribution, etc | c1992 |
| 300 ## - PHYSICAL DESCRIPTION | |
| Extent | 217 p. ; |
| Dimensions | 24 cm. |
| 500 ## - GENERAL NOTE | |
| General note | Traducción de : Schaum's outline of matrices |
| 504 ## - BIBLIOGRAPHY, ETC. NOTE | |
| Bibliography, etc | Incluye índice |
| 650 #4 - SUBJECT ADDED ENTRY--TOPICAL TERM | |
| Topical term or geographic name as entry element | Matrices (Matemáticas) |
| General subdivision | Problemas, ejercicios, etc. |
| 700 1# - ADDED ENTRY--PERSONAL NAME | |
| Personal name | Gutiérrez Díez, Luis, tr. |
| 700 1# - ADDED ENTRY--PERSONAL NAME | |
| Personal name | Gutiérrez Vázquez, Angel, tr. |
| 942 ## - ADDED ENTRY ELEMENTS (KOHA) | |
| Source of classification or shelving scheme | Biblioteca del Cogreso de los Estados Unidos |
| Koha item type | Libro |
No items available.